00394nam a2200121Ia 4500008004100000082001800041100001000059245005400069260003500123365000600158630005400164730005400218100415s9999 xx 000 0 und d b3424a500(54) aR.G.S aRecords Of The Geological Survey Of India Vol.45 aCalcattac1916bGOVT. OF INDIA b0 aRecords Of The Geological Survey Of India Vol.45 aRecords Of The Geological Survey Of India Vol.45